Xuất khẩu hàng hoá Việt Nam sang Hoa Kỳ - Cơ hội và thách thức
Trình bày một số vấn đề lý luận và thực tiễn về xuất khẩu hàng hoá sang Hoa Kỳ; thực trạng xuất khẩu hàng hoá của Việt Nam sang Hoa Kỳ giai đoạn 2001-2018 và các cơ hội, thách thức trong tương lai; đề xuất giải pháp phát triển xuất khẩu...
Đã lưu trong:
| 主要作者: | |
|---|---|
| 格式: | 图书 |
| 语言: | Undetermined |
| 出版: |
Hà Nội
Công thương
2019
|
| 主题: | |
| 标签: |
添加标签
没有标签, 成为第一个标记此记录!
|
| Thư viện lưu trữ: | Trung tâm Học liệu Trường Đại học Cần Thơ |
|---|
| LEADER | 01238nam a2200217Ia 4500 | ||
|---|---|---|---|
| 001 | CTU_236157 | ||
| 008 | 210402s9999 xx 000 0 und d | ||
| 082 | |a 382.09597073 | ||
| 082 | |b Ph561 | ||
| 100 | |a Đặng, Thanh Phương | ||
| 245 | 0 | |a Xuất khẩu hàng hoá Việt Nam sang Hoa Kỳ - Cơ hội và thách thức | |
| 245 | 0 | |c Đặng Thanh Phương (chủ biên) ; Trịnh Thị Thanh Thuỷ, Vũ Thuý Vinh, Nguyễn Minh (biên soạn) | |
| 260 | |a Hà Nội | ||
| 260 | |b Công thương | ||
| 260 | |c 2019 | ||
| 520 | |a Trình bày một số vấn đề lý luận và thực tiễn về xuất khẩu hàng hoá sang Hoa Kỳ; thực trạng xuất khẩu hàng hoá của Việt Nam sang Hoa Kỳ giai đoạn 2001-2018 và các cơ hội, thách thức trong tương lai; đề xuất giải pháp phát triển xuất khẩu hàng hoá của Việt Nam sang Hoa Kỳ giai đoạn tới năm 2025, tầm nhìn 2030. | ||
| 650 | |a Việt Nam,Vietnam | ||
| 650 | |x Thương mại,Commerce | ||
| 650 | |z Hoa Kỳ,United States | ||
| 910 | |b dqhieu | ||
| 980 | |a Trung tâm Học liệu Trường Đại học Cần Thơ | ||